000
00219 a2200097 4500
001
27198
100
_a
Harris Malcolm
245
_a
Effective unarmed combat
260
_a
_b
Arco publishing
_c
1974
090
_c
18120
_d
18120
942
_a
NUST-CAE
_c
M
_c
9026
999
_c
262271
_d
262271